SCH - Anarchie - Statistiques

Statistiques générales
  • Ce quiz a été pris 26 fois
  • Le résultat moyen est 9 sur 13
Statistiques - réponses
Numero Titre % Correct
1 Anarchie
100%
11 Himalaya
83%
5 Le doc
78%
3 Je la connais
74%
8 Allo maman
70%
4 Cartine Cartier
70%
13 Murcielago
70%
6 Neuer
65%
12 Essuie tes larmes
61%
9 Quand on était momes
61%
2 Trop énorme
61%
7 Alleluia
57%
10 Dix-neuf
57%
Aucun quiz correspondant
Distribution des résultats
% des personnes avec chaque résultat
Percentile par nombre de réponses
Votre historique - résultats
Vous n’avez pas pris ce quiz